[Event "COL-ch"]
[Site "Bogota"]
[Date "1980.??.??"]
[Round "?"]
[White "Ruiz, Alciguel"]
[Black "Martinez, Cristian"]
[Result "1/2-1/2"]
[WhiteElo "2200"]
[BlackElo "2310"]

1.d4 Nf6 2.Nf3 d5 3.c4 e6 4.g3 Be7 5.Bg2 O-O 6.O-O c6 7.b3 b6 8.Bb2 Nbd7
9.Nc3 Ba6 10.Nd2 b5 11.Re1 bxc4 12.bxc4 Rb8 13.Rb1 Qa5 14.Nb3 Qc7 15.c5 e5
16.e4 exd4 17.Qxd4 Rxb3 18.axb3 Bxc5 19.Qd2 Ng4 20.Nd1 Nde5 21.Rc1 Qd6 22.Rxc5 Qxc5
23.Bd4 Qd6 24.h3 Nd3 25.hxg4 Nxe1 26.Qxe1 dxe4 27.Be3 Bd3 28.Nc3 Re8 29.Na4 Qe6
30.Qd1 Rb8 31.Nc5 Qd5 32.Bf1 Bxf1 33.Qxf1 Rb5 34.Qc1 h6 35.Qc2 Rb4 36.Kh2 a5
37.Qc1 f5 38.gxf5 Qxf5 39.Qd1 Rb5 40.Qd4 Kh7 41.Qd6 Qd5 42.Qe7  1/2-1/2

[Event "Budapest"]
[Site "Budapest"]
[Date "1980.??.??"]
[Round "?"]
[White "Hausner, Ivan"]
[Black "Barczay, Laszlo"]
[Result "1-0"]
[WhiteElo "2445"]
[BlackElo "2450"]

1.d4 Nf6 2.c4 e6 3.g3 d5 4.Nf3 Be7 5.Bg2 O-O 6.O-O dxc4 7.Ne5 Nc6 8.Nxc6 bxc6
9.Na3 Bxa3 10.bxa3 Nd5 11.Qa4 a5 12.Qxc4 Ba6 13.Qc2 Qd6 14.Re1 Rfd8 15.e4 Ne7
16.Bb2 Rab8 17.e5 Qd7 18.Bc3 Bc4 19.Bxa5 Bd5 20.Bxd5 Nxd5 21.Rab1 Ra8 22.Qc5 h6
23.Rb7 Rdb8 24.Reb1 Rxb7 25.Rxb7 Kh7 26.h4 Qc8 27.Ra7 Qb8 28.Rxa8 Qxa8 29.Bb4 Qa4
30.Qc4 Qd1+ 31.Kh2 Kg6 32.Bc5 Qd2 33.Kg1 Kh5 34.Qb3 g5 35.Qf3+ Kg6 36.Bf8 f5
37.exf6 Nxf6 38.Be7 Qxd4 39.Bxf6 Qxf6 40.h5+ Kg7 41.Qxc6 Qa1+ 42.Kg2 Qxa2
43.Qxc7+ Kf6 44.Qh7 Qd5+ 45.f3 Qd2+ 46.Kh3 g4+ 47.fxg4 Qc1 48.Qe4 Ke7 49.a4 Qf1+
50.Kh4 Qf6+ 51.Kh3 Qf1+ 52.Qg2 Qa1 53.Qb7+ Kd6 54.Qf3 e5 55.Kh4 Qc1 56.a5 Qe1
57.Qf6+ Kd5 58.Qxh6 Qh1+ 59.Kg5 Qc1+ 60.Kg6 Qc6+ 61.Kh7  1-0

[Event "Capablanca mem-B"]
[Site "Cienfuegos"]
[Date "1980.??.??"]
[Round "?"]
[White "Razuvaev, Yuri S"]
[Black "Huerta, Ramon"]
[Result "1-0"]
[WhiteElo "2515"]
[BlackElo "2285"]

1.d4 Nf6 2.c4 e6 3.Nf3 d5 4.g3 Be7 5.Bg2 O-O 6.O-O dxc4 7.a4 c5 8.dxc5 Nc6
9.Nbd2 Bxc5 10.Nxc4 Qe7 11.Nfe5 Nb4 12.Be3 Bxe3 13.Nxe3 Nfd5 14.Nxd5 exd5
15.Nf3 Bf5 16.Nd4 Be4 17.Bh3 Qe5 18.e3 Rad8 19.Rc1 Rd6 20.Rc3 a5 21.f3 Rh6
22.Bg4 f5 23.fxe4 fxg4 24.Rxf8+ Kxf8 25.Qxg4 Rf6 26.Qc8+ Kf7 27.Rc7+ Kg6
28.Qg4+  1-0

[Event "Capablanca mem-A"]
[Site "Cienfuegos"]
[Date "1980.??.??"]
[Round "?"]
[White "Ftacnik, Lubomir"]
[Black "Nogueiras, Jesus"]
[Result "1-0"]
[WhiteElo "2470"]
[BlackElo "2455"]

1.c4 e6 2.Nf3 d5 3.d4 Nf6 4.g3 Be7 5.Bg2 O-O 6.O-O dxc4 7.Qc2 a6 8.a4 c5
9.dxc5 Nc6 10.Na3 Bxc5 11.Nxc4 Qe7 12.Nfe5 Nd4 13.Qd1 Rd8 14.e3 Nf5 15.Qb3 Nd5
16.Bd2 f6 17.Nd3 Ba7 18.Ba5 Rd7 19.Nb4 Qf7 20.Nxd5 exd5 21.Nb6 Bxb6 22.Bxb6 Rd6
23.Rac1 Be6 24.Rc7 Qe8 25.a5 Rc8 26.Rxb7 d4 27.Qb4 Rc4 28.Qa3 d3 29.Bc7 Rxc7
30.Rxc7 d2 31.Bf3 Qd8 32.Qa4 h5 33.Rc6 Qd7 34.Qc2 Rxc6 35.Bxc6 Qc7 36.Rd1 Nd6
37.Rxd2 Qxa5 38.Rxd6  1-0

[Event "Wch U20"]
[Site "Dortmund"]
[Date "1980.??.??"]
[Round "7"]
[White "Danailov, Silvio"]
[Black "Arnason, Jon L"]
[Result "1-0"]
[WhiteElo "2295"]
[BlackElo "2435"]

1.d4 Nf6 2.c4 e6 3.Nf3 d5 4.g3 Be7 5.Bg2 O-O 6.O-O dxc4 7.Qc2 a6 8.Qxc4 b5
9.Qc2 Bb7 10.Bf4 Nd5 11.Nbd2 Nd7 12.Nb3 c5 13.dxc5 Rc8 14.Rad1 Nxc5 15.Nxc5 Rxc5
16.Qb1 Qc8 17.Be5 Nf6 18.Rc1 Be4 19.Qa1 Rd8 20.b3 Ne8 21.Qb2 Qb7 22.Rxc5 Bxc5
23.Rc1 Qa7 24.Rf1 Qd7 25.Nh4 Bxg2 26.Kxg2 f6 27.Bc3 b4 28.Be1 Qc6+ 29.Nf3 Qe4
30.Qc1 Be7 31.Qf4 Qc6 32.Kg1 e5 33.Qe3 Qc2 34.Qa7 Nc7 35.Bd2 e4 36.Rc1 Qxc1+
37.Bxc1 exf3 38.exf3 Rd1+ 39.Kg2 Rxc1 40.Qe3 Rc2 41.Qxe7 a5  1-0

[Event "Hillerod op"]
[Site "Hillerod"]
[Date "1980.??.??"]
[Round "?"]
[White "Kemp, Rasmus"]
[Black "Norgaard, Jesper"]
[Result "1/2-1/2"]
[WhiteElo "2200"]
[BlackElo "2200"]

1.d4 Nf6 2.c4 e6 3.g3 d5 4.Bg2 Be7 5.Nf3 O-O 6.O-O dxc4 7.Nbd2 b5 8.Ne5 Nd5
9.a4 c6 10.e4 Nb6 11.d5 a6 12.a5 N6d7 13.Nxf7 Kxf7 14.dxe6+ Kxe6 15.Qh5 Kd6
16.e5+ Kc7 17.Ne4 Qe8 18.Qxh7 Nc5 19.Nd6 Bxd6 20.exd6+ Kxd6 21.Qxg7 Be6 22.Qd4+ Bd5
23.Bf4+ Rxf4 24.Qxf4+ Qe5 25.Qf8+ Qe7 26.Qf4+ Qe5 27.Qf8+  1/2-1/2

[Event "Malta ol (Men)"]
[Site "La Valetta"]
[Date "1980.??.??"]
[Round "?"]
[White "Ftacnik, Lubomir"]
[Black "Geller, Efim P"]
[Result "1/2-1/2"]
[WhiteElo "2470"]
[BlackElo "2565"]

1.d4 Nf6 2.Nf3 d5 3.c4 e6 4.g3 Be7 5.Bg2 O-O 6.O-O dxc4 7.Ne5 Nc6 8.Nxc6 bxc6
9.Na3 Bxa3 10.bxa3 Rb8 11.Qa4 Qxd4 12.Be3 Qb2 13.Qxc4 Nd5 14.Bxa7 Ra8 15.Bd4 Qb5
16.Qxb5 cxb5 17.Rfc1 Ra4 18.Bc5 Re8 19.e4 Nb6 20.Rab1 Bd7 21.Bxb6 cxb6 22.e5 Rb8
23.Bf1 Rxa3 24.Bxb5 Bxb5 25.Rxb5  1/2-1/2

[Event "Malta ol (Men)"]
[Site "La Valetta"]
[Date "1980.??.??"]
[Round "?"]
[White "Alburt, Lev O"]
[Black "Alvarez, Roberto"]
[Result "1-0"]
[WhiteElo "2515"]
[BlackElo "2200"]

1.d4 d5 2.Nf3 Nf6 3.c4 e6 4.g3 Be7 5.Bg2 O-O 6.O-O c6 7.Qc2 Ne4 8.b3 f5 9.Bb2 Nd7
10.Ne1 Bg5 11.e3 Ndf6 12.Nd3 Ng4 13.Qe2 Qe8 14.Nf4 Bxf4 15.exf4 Qh5 16.h3 Ngf6
17.Qxh5 Nxh5 18.Re1 Bd7 19.Na3 h6 20.Bf3 Nhf6 21.Bc1 g5 22.fxg5 hxg5 23.Be2 Kf7
24.Kg2 g4 25.hxg4 fxg4 26.Bf4 Rh8 27.Rh1 a5 28.Be5 c5 29.Rxh8 Rxh8 30.Bxg4 dxc4
31.Nxc4 b5 32.Bxf6 Kxf6 33.Nxa5 Ra8 34.Bf3 Rxa5 35.Bxe4 cxd4 36.f4 Ra6 37.g4 Bc6
38.Kf3 d3 39.g5+ Ke7 40.Bxc6 Rxc6 41.Ke3 Rc3 42.Kd2 b4 43.Rc1 e5 44.fxe5  1-0

[Event "NLD-ch"]
[Site "Leeuwarden"]
[Date "1980.??.??"]
[Round "13"]
[White "Van Dop, Arend J"]
[Black "Langeweg, Kick"]
[Result "1/2-1/2"]
[WhiteElo "2320"]
[BlackElo "2425"]

1.d4 Nf6 2.c4 e6 3.g3 d5 4.Bg2 Be7 5.Nf3 O-O 6.O-O dxc4 7.Qc2 a6 8.Qxc4 b5
9.Qc2 Bb7 10.Bd2 Be4 11.Qc1 Qc8 12.Bg5 Nbd7  1/2-1/2

[Event "DSV-Turnier"]
[Site "Leipzig"]
[Date "1980.??.??"]
[Round "6"]
[White "Gruenberg, Hans Ulrich"]
[Black "Luczak, Andrzej"]
[Result "1-0"]
[WhiteElo "2385"]
[BlackElo "2430"]

1.c4 e6 2.Nf3 Nf6 3.g3 d5 4.d4 Be7 5.Bg2 O-O 6.O-O dxc4 7.Qc2 a6 8.a4 b6
9.Ne5 Ra7 10.Rd1 Bb7 11.e4 Nc6 12.Nxc6 Bxc6 13.Nc3 Bb7 14.Be3 Ra8 15.Qe2 b5
16.d5 Qb8 17.dxe6 fxe6 18.e5 Nd5 19.Rxd5 exd5 20.Nxd5 Re8 21.Qh5 c6 22.Be4 cxd5
23.Bxh7+ Kf8 24.e6  1-0

[Event "Makarczyk mem"]
[Site "Lodz"]
[Date "1980.??.??"]
[Round "8"]
[White "Luczak, Andrzej"]
[Black "Inkiov, Ventzislav"]
[Result "1/2-1/2"]
[WhiteElo "2430"]
[BlackElo "2435"]

1.d4 Nf6 2.c4 e6 3.g3 d5 4.Nf3 Be7 5.Bg2 O-O 6.O-O dxc4 7.Qc2 a6 8.Qxc4 b5
9.Qc2 Bb7 10.Bd2 Be4 11.Qc1 Qc8 12.Bg5 Nbd7 13.Nbd2 Bb7 14.Nb3 c5 15.Bxf6 Bxf6
16.Nxc5 Nxc5 17.dxc5 Qc7 18.Qc2 Rac8 19.Rac1 Qa5 20.a3 Be7 21.b4 Qxa3 22.Rb1 Bxf3
23.Bxf3 a5 24.Rb3 Qa4 25.Qb1 axb4 26.Rxb4 Qa3 27.Rb3 Qxc5 28.Rxb5  1/2-1/2

[Event "Makarczyk mem"]
[Site "Lodz"]
[Date "1980.??.??"]
[Round "13"]
[White "Inkiov, Ventzislav"]
[Black "Zoltek, Tadeusz"]
[Result "1/2-1/2"]
[WhiteElo "2435"]
[BlackElo "2345"]

1.d4 Nf6 2.c4 e6 3.Nf3 d5 4.g3 Be7 5.Bg2 O-O 6.O-O dxc4 7.Qc2 a6 8.Qxc4 b5
9.Qc2 Bb7 10.Bf4 Bd6 11.Nbd2 Nc6 12.Nb3 Nb4 13.Qd1 Qe7 14.a3 Nbd5 15.Be5 Nb6
16.Qd3 Rfd8 17.Na5 Bd5 18.Qc2 Ne4 19.Rfc1 Nc4 20.Nxc4 bxc4 21.Bf4 Bxf4 22.gxf4 Qf6
23.e3 Nd6 24.Ne5 Bxg2 25.Kxg2 Qh4 26.Qe2 Rdb8 27.Qf3 a5 28.Nxc4 Ra7 29.Rab1 Nxc4
30.Rxc4 Qf6 31.Rbc1 Qg6+ 32.Kh1 h6 33.Rg1 Qf6 34.Rc2 Rab7 35.Qe2 a4 36.Rd1 Qf5
37.f3 Rb3 38.Rdd2 R8b7 39.Kg1 Qg6+ 40.Kf1 Qh5 41.Rc5 Qg6 42.Rdc2 Kh7 43.R5c4 Qf5
44.Rc5 Qg6 45.Kf2 R3b5 46.Rxb5 Rxb5 47.Qxb5 Qxc2+ 48.Qe2 Qb1 49.Kg2 Qg6+
50.Kf2 Qb1 51.Qb5 Qc2+  1/2-1/2

[Event "Los Polvorines op"]
[Site "Los Polvorines"]
[Date "1980.??.??"]
[Round "?"]
[White "Smyslov, Vassily"]
[Black "Koch"]
[Result "1-0"]
[WhiteElo "2550"]
[BlackElo "2200"]

1.Nf3 Nf6 2.c4 e6 3.g3 d5 4.Bg2 Be7 5.d4 O-O 6.O-O c6 7.Qc2 b6 8.Rd1 Ba6
9.b3 Nbd7 10.Bb2 Rc8 11.Nbd2 Qc7 12.e4 dxe4 13.Nxe4 Nxe4 14.Qxe4 Nf6 15.Qc2 Rfd8
16.Ne5 Bb7 17.c5 Nd5 18.a3 a5 19.h4 f5 20.Re1 b5 21.Nf3 Rf8 22.Rxe6 f4 23.Re5 fxg3
24.fxg3 Bf6 25.Ng5 Bxg5 26.hxg5 Ne7 27.Be4 g6 28.Re1 Nd5 29.Qh2 Rf7 30.Bc1 Rcf8
31.Bxd5 cxd5 32.Bf4 Qd7 33.Qh4 Bc8 34.R1e2 Qb7 35.Qh1 Rd8 36.Re8+ Rxe8 37.Rxe8+ Rf8
38.Re5 Bf5 39.Qxd5+ Qxd5 40.Rxd5 Be6 41.Rd6 Bxb3 42.c6 Re8 43.c7  1-0

[Event "DDR-ch 29th"]
[Site "Plauen"]
[Date "1980.??.??"]
[Round "6"]
[White "Heinig, Wolfram"]
[Black "Zinn, Lothar"]
[Result "1/2-1/2"]
[WhiteElo "2330"]
[BlackElo "2325"]

1.d4 d5 2.c4 e6 3.Nf3 Nf6 4.g3 Be7 5.Bg2 O-O 6.O-O b6 7.Nc3 Bb7 8.cxd5 exd5
9.Ne5 Nbd7 10.Qa4 Nb8 11.Rd1 a6 12.Bg5 Ne4 13.Bxe7 Qxe7 14.Nxe4 dxe4 15.Qc2 f6
16.Ng4 a5 17.Rac1 Na6 18.Ne3 f5 19.Nc4 Nb4 20.Qb1 Bd5 21.b3 Rf6 22.a3 Na6
23.Qc2 Rd8 24.e3 b5 25.Nxa5 Qxa3 26.Ra1 Qd6 27.Bf1 Rb8 28.Rdc1 h6 29.Nc6 Rb6
30.Ne5 c6 31.Qc3 Nb8 32.Ra8 Ra6 33.Ra1 Rxa1 34.Rxa1 Nd7 35.Nxd7 Qxd7 36.b4 Qd6
37.Ra6 Qb8 38.Qc5 Kh7 39.Rb6 Qd8 40.Rb7 Qd6 41.Qxd6  1/2-1/2

[Event "DDR-ch 29th"]
[Site "Plauen"]
[Date "1980.??.??"]
[Round "8"]
[White "Heinig, Wolfram"]
[Black "Boehnisch, Manfred"]
[Result "1-0"]
[WhiteElo "2330"]
[BlackElo "2355"]

1.d4 Nf6 2.c4 e6 3.g3 d5 4.Nf3 Be7 5.Bg2 O-O 6.O-O dxc4 7.Ne5 c5 8.dxc5 Bxc5
9.Nxc4 Nc6 10.Nc3 Bd7 11.Bg5 Be7 12.Qb3 Rb8 13.Bf4 b5 14.Bxc6 Bxc6 15.Bxb8 Qxb8
16.Na5 Bd7 17.Rad1 Qc7 18.Rxd7 Nxd7 19.Qxb5 Rb8 20.Qc6 Qxa5 21.Qxd7 Bf6 22.Rc1 Rd8
23.Qb7 h6 24.Ne4 Qxa2 25.Nxf6+ gxf6 26.Qe7 Qd5 27.Qxf6 Qg5 28.Qxg5+ hxg5
29.Rc2 Kg7 30.Kg2 Kf6 31.Kf3 Rh8 32.Ke3 a6 33.h3 Ke5 34.Rc5+ Kf6 35.Kd3 Rxh3
36.Ra5 Rh2 37.Ke3 Rh8 38.Rxa6 Rb8 39.Ra2 Ke5 40.Kd3 Rd8+ 41.Ke3 Rb8 42.Kd3 Rd8+
43.Kc2 Rc8+ 44.Kb1 f5 45.b3 Rh8 46.Rd2 Ke4 47.Kc2 Rc8+ 48.Kb2 Rb8 49.Rc2 e5
50.Rc4+ Kd5 51.Kc3 Rh8 52.b4 Rh1 53.Rc5+ Kd6 54.Kd3 Rb1 55.Rb5 Rb3+ 56.Kc2 Ra3
57.Ra5 Rxa5 58.bxa5 Kc5 59.Kd3  1-0

[Event "Rubinstein mem"]
[Site "Polanica Zdroj"]
[Date "1980.??.??"]
[Round "2"]
[White "Vilela, Jose Luis"]
[Black "Luczak, Andrzej"]
[Result "1/2-1/2"]
[WhiteElo "2410"]
[BlackElo "2430"]

1.d4 Nf6 2.Nf3 e6 3.g3 d5 4.Bg2 Be7 5.c4 O-O 6.O-O dxc4 7.Qc2 a6 8.a4 b6
9.Ne5 Ra7 10.Rd1 Bb7 11.Bxb7 Rxb7 12.Qxc4 c5 13.Nc3 cxd4 14.Rxd4 Qc8 15.Qxc8 Rxc8
16.Bf4 Nbd7 17.Nxd7 Rxd7 18.Rad1 Rxd4 19.Rxd4  1/2-1/2

[Event "Rubinstein mem"]
[Site "Polanica Zdroj"]
[Date "1980.??.??"]
[Round "4"]
[White "Bohm, Hans"]
[Black "Luczak, Andrzej"]
[Result "1-0"]
[WhiteElo "2430"]
[BlackElo "2430"]

1.d4 Nf6 2.c4 e6 3.Nf3 d5 4.g3 Be7 5.Bg2 O-O 6.O-O dxc4 7.Qc2 a6 8.Qxc4 b5
9.Qc2 Bb7 10.Bf4 Nd5 11.Nc3 Nxf4 12.gxf4 Nd7 13.Rfd1 Nf6 14.Ne5 Bxg2 15.Kxg2 Bd6
16.e3 Qc8 17.Ne4 Nd5 18.Rac1 f6 19.Nc6 Qe8 20.f5 Qh5 21.Ng3 Qg4 22.fxe6 Qxe6
23.Qf5 Qf7 24.Ne4 Rae8 25.Kh1 g6 26.Rg1 Kh8 27.Qf3 f5 28.Nc5 Nf6 29.b3 Qg7
30.Nd3 Ng4 31.h3 Qh6 32.Nce5 Nf6 33.Qg2 Ne4 34.f3 Nf6 35.f4 Ne4 36.b4 Ra8
37.Nc5 Qh5 38.Kh2 Rfe8 39.Nxe4 fxe4 40.Qxe4 Bxe5 41.dxe5 Rad8 42.Rg2 Re7
43.Rc6 Rd1 44.Rf6 Re8 45.f5 Rf1 46.e6 Rxf5 47.Rf2 Rxf6 48.Rxf6 Qe2+ 49.Kg3 Qe1+
50.Kg2 Qd2+ 51.Kg3 Qe1+ 52.Kg2 Qd2+ 53.Rf2 Qd6 54.Rf7 Qxe6 55.Rf8+ Kg7 56.Rxe8  1-0

[Event "Reykjavik"]
[Site "Reykjavik"]
[Date "1980.??.??"]
[Round "?"]
[White "Sosonko, Gennadi"]
[Black "Kupreichik, Viktor D"]
[Result "1/2-1/2"]
[WhiteElo "2545"]
[BlackElo "2535"]

1.d4 Nf6 2.c4 e6 3.g3 d5 4.Bg2 Be7 5.Nf3 O-O 6.Qb3 Nc6 7.cxd5 Qxd5 8.Qxd5 exd5
9.Nc3 Bb4 10.Bf4 Bg4 11.e3 Ne4 12.Rc1 Rfe8 13.O-O Bxc3 14.bxc3 Rac8 15.Rfe1 f6
16.h4 Na5 17.Nh2 Bd7 18.f3 Nd6 19.e4 Nac4 20.Nf1 Re7 21.Ne3  1/2-1/2

[Event "URS-ch U26"]
[Site "Riga"]
[Date "1980.??.??"]
[Round "?"]
[White "Kharitonov, Andrei Y"]
[Black "Azmaiparashvili, Zurab"]
[Result "1/2-1/2"]
[WhiteElo "2435"]
[BlackElo "2415"]

1.Nf3 Nf6 2.c4 e6 3.g3 d5 4.d4 Be7 5.Bg2 O-O 6.O-O b6 7.Nc3 Bb7 8.cxd5 exd5
9.b3 Na6 10.Bb2 c5 11.Rc1 Rc8 12.Bh3 Rb8 13.Re1 Re8 14.e3 Bf8 15.Ne5 Nc7
16.Bg2 Ne6 17.Qd3 a6 18.Ne2 Bd6 19.Nf4 Nxf4 20.exf4 Ne4 21.Rcd1 Qc7 22.dxc5 Bxc5
23.Rf1 Rbd8 24.Nf3 a5 25.Nd4 Qc8 26.Rfe1 Ba6 27.Qb1 Bb4 28.Re3 Nc3 29.Bxc3 Bxc3
30.Nf5 Rxe3 31.fxe3 Kf8 32.Rc1 Qc5 33.Qc2 d4 34.exd4 Bxd4+ 35.Nxd4 Qxd4+
36.Kh1 Rc8 37.Qb1 Rxc1+ 38.Qxc1 g6 39.h4 Qf2 40.Qc3  1/2-1/2

[Event "Rilton Cup"]
[Site "Stockholm"]
[Date "1980.??.??"]
[Round "?"]
[White "Samuelsson, Sven Gunnar"]
[Black "Svensson, Bengt"]
[Result "0-1"]
[WhiteElo "2200"]
[BlackElo "2200"]

1.d4 Nf6 2.c4 e6 3.g3 d5 4.Bg2 Be7 5.Nf3 O-O 6.O-O c6 7.Nc3 Nbd7 8.b3 b6
9.Qc2 Ba6 10.Nd2 Rc8 11.e4 b5 12.Re1 c5 13.e5 cxd4 14.exf6 Bxf6 15.Nd1 d3
16.Qb1 bxc4 17.bxc4 dxc4 18.Ne4 c3 19.Ndxc3 Bxc3 20.Nxc3 Rxc3 21.Qb4 Qc7
22.Bb2 Rc2 23.Ba3 Rb8 24.Qe7 Qb6 25.Rf1 Nf6 26.Rab1 Qxb1 27.Rxb1 Rxb1+ 28.Bf1 h6
29.Qf8+ Kh7 30.Qxf7 Rxf1+ 31.Kxf1 d2+ 32.Kg2 d1=Q  0-1

[Event "Tbilisi"]
[Site "Tbilisi"]
[Date "1980.??.??"]
[Round "?"]
[White "Garcia Martinez, Silvino"]
[Black "Ubilava, Elizbar"]
[Result "1/2-1/2"]
[WhiteElo "2450"]
[BlackElo "2430"]

1.d4 Nf6 2.c4 e6 3.g3 d5 4.Nf3 Be7 5.Bg2 O-O 6.O-O dxc4 7.Qc2 a6 8.a4 Bd7
9.Qxc4 Bc6 10.Nc3 b5 11.Qd3 b4 12.Nb1 Be4 13.Qd1 c5 14.dxc5 Nbd7 15.Nbd2 Bd5  1/2-1/2

[Event "CSR-ch"]
[Site "Trnava"]
[Date "1980.??.??"]
[Round "5"]
[White "Meduna, Eduard"]
[Black "Prandstetter, Eduard"]
[Result "0-1"]
[WhiteElo "2405"]
[BlackElo "2445"]

1.d4 d5 2.c4 e6 3.Nf3 Nf6 4.g3 Be7 5.Bg2 O-O 6.O-O dxc4 7.Qc2 a6 8.a4 Nc6
9.Qxc4 Qd5 10.Qd3 Nb4 11.Qd1 c5 12.Nc3 Qh5 13.dxc5 Qxc5 14.Bg5 Rd8 15.Qb3 e5
16.a5 Be6 17.Qa4 Nc6 18.Rfc1 Qb4 19.Be3 Nd5 20.Nxd5 Bxd5 21.Bb6 Qxa4 22.Rxa4 Re8
23.Bh3 Bd8 24.Rc5 Bb3 25.Ra3 Be6 26.Bxe6 Rxe6 27.Rb3 e4 28.Ng5 Nd4 29.Re3 Bxb6
30.Nxe6 Nxe6  0-1

[Event "CSR-ch"]
[Site "Trnava"]
[Date "1980.??.??"]
[Round "11"]
[White "Meduna, Eduard"]
[Black "Ftacnik, Lubomir"]
[Result "1/2-1/2"]
[WhiteElo "2405"]
[BlackElo "2470"]

1.d4 Nf6 2.c4 e6 3.Nf3 d5 4.g3 Be7 5.Bg2 O-O 6.O-O dxc4 7.Qc2 a6 8.a4 Bd7
9.Qxc4 Bc6 10.Bf4 Nd5 11.Bd2 Nd7 12.Qc2 Nb4 13.Bxb4 Bxb4 14.Rd1 Nf6 15.Nbd2 Rc8
16.e3  1/2-1/2

[Event "Baden"]
[Site "Vienna"]
[Date "1980.??.??"]
[Round "5"]
[White "Smejkal, Jan"]
[Black "Byrne, Robert E"]
[Result "1/2-1/2"]
[WhiteElo "2565"]
[BlackElo "2530"]

1.c4 e6 2.d4 Nf6 3.g3 d5 4.Nf3 Be7 5.Bg2 O-O 6.O-O dxc4 7.Qc2 a6 8.Qxc4 b5
9.Qc2 Bb7 10.Bf4 Nc6 11.Rd1 Nb4 12.Qc1 Qc8 13.Bg5 c5 14.Bxf6 gxf6 15.a3 Nd5
16.e4 Nb6 17.d5 exd5 18.Nh4 Rd8 19.Nc3 d4 20.Ne2 d3 21.Nf4 c4 22.Nf5 Bf8
23.Nh5 Qe6 24.Nh6+ Kh8 25.Bh3 Qxh3 26.Nxf7+ Kg8 27.Nh6+  1/2-1/2

[Event "Bangalore"]
[Site "Bangalore"]
[Date "1981.??.??"]
[Round "6"]
[White "Parameswaran, Tiruchi N"]
[Black "Handoko, Edhi"]
[Result "1-0"]
[WhiteElo "2320"]
[BlackElo "2405"]

1.d4 Nf6 2.c4 e6 3.g3 d5 4.Bg2 Be7 5.Nf3 O-O 6.O-O b6 7.cxd5 exd5 8.Nc3 Bb7
9.Bf4 c5 10.Rc1 Nc6 11.Qa4 Ne4 12.Rfd1 Nxc3 13.bxc3 c4 14.e4 Na5 15.exd5 Bxd5
16.Re1 Bd6 17.Bxd6 Qxd6 18.Nd2 Bxg2 19.Kxg2 Rac8 20.Re2 Rfd8 21.Rce1 Kf8
22.Kg1 h6 23.Qb5 g6 24.h4 a6 25.Qxa6 Qc6 26.Rb1 Re8 27.Rxb6 Qa4 28.Rxe8+ Rxe8
29.Rb8 Rxb8 30.Qd6+ Kg7 31.Qxb8 Nc6 32.Qb1 Ne7 33.Ne4 Qa8 34.Nc5 Nf5 35.a4 Qf3
36.Qe1 g5 37.hxg5 hxg5 38.Qe4 Qxc3 39.Qxf5 Qxd4 40.Qxg5+ Kf8 41.Qe5  1-0

[Event "Banja Luka"]
[Site "Banja Luka"]
[Date "1981.??.??"]
[Round "?"]
[White "Hausner, Ivan"]
[Black "Velimirovic, Dragoljub"]
[Result "1/2-1/2"]
[WhiteElo "2460"]
[BlackElo "2480"]

1.Nf3 Nf6 2.c4 e6 3.g3 d5 4.d4 Be7 5.Bg2 O-O 6.O-O dxc4 7.Ne5 Nc6 8.Nxc6 bxc6
9.Na3 Bxa3 10.bxa3 Nd5 11.Qa4 Nb6 12.Qxc6 Rb8 13.Qc5 Bb7 14.e4 Qd7 15.Be3 Bc6
16.Rfc1 Bb5 17.Rab1 a6 18.Qb4 Na4 19.d5 f5 20.dxe6 Qxe6 21.exf5 Qxf5 22.Rxc4 c5
23.Qb3 Qe6 24.Rcc1 c4 25.Qc2 Rbd8 26.Bf1 Kh8 27.Rb4 Nb6 28.Bxb6 Qxb6 29.a4 Qh6
30.Rd1 Rxd1 31.Qxd1 Bc6 32.Rxc4 Qe6 33.Qc2 Bd5 34.Rd4 Bb7 35.Qc5 Re8 36.a5 h6
37.Qb6 Qf7 38.Rd8 Rxd8 39.Qxd8+ Kh7 40.Qd3+ g6 41.h4 h5 42.f4 Qe6 43.a3 Bc6
44.Qc2 Qd7 45.Kh2 Bb5 46.Qf2 Bxf1 47.Qxf1 Qd2+ 48.Qg2 Qxa5 49.Qb7+ Kg8 50.Qb4 Qc7
51.Qe4 Qb6 52.Kh3 Qd6 53.Qe8+ Kg7 54.Qe3 Qd5 55.Kh2 Qa2+ 56.Kg1 Qa1+ 57.Kh2 Qa2+
58.Kh3 Qd5 59.Qc3+ Kh7 60.Kh2 Qa2+ 61.Kg1 Qe2  1/2-1/2

[Event "Elekes mem-A"]
[Site "Budapest"]
[Date "1981.??.??"]
[Round "?"]
[White "Beil, Zdenek"]
[Black "Pogats, Jozsef"]
[Result "1-0"]
[WhiteElo "2390"]
[BlackElo "2375"]

1.d4 Nf6 2.c4 e6 3.g3 d5 4.Nf3 Be7 5.Bg2 O-O 6.O-O b6 7.Nc3 Bb7 8.Ne5 Na6
9.cxd5 exd5 10.Nd3 c5 11.e3 cxd4 12.exd4 Ne4 13.Nf4 Nxc3 14.bxc3 Rc8 15.Qb3 Nc7
16.Re1 Bd6 17.a4 Bxf4 18.Bxf4 Ne6 19.Bd2 Nc7 20.a5 b5 21.a6 Bc6 22.Bf4 Ne6
23.Bc1 Re8 24.Ba3 Qd7 25.Re5 f6 26.Re3 Nc7 27.Rae1 Rxe3 28.Rxe3 Re8 29.Qb4 h6
30.Qd6 Rxe3 31.fxe3 Qxd6 32.Bxd6 Nxa6 33.Bh3 Bb7 34.Be6+ Kh7 35.Kf2 g5 36.g4 Kg6
37.e4 dxe4 38.Ke3 f5 39.gxf5+ Kf6 40.d5  1-0

[Event "Budva zt"]
[Site "Budva"]
[Date "1981.??.??"]
[Round "3"]
[White "Rajkovic, Dusan"]
[Black "Makropoulos, Georgios"]
[Result "1/2-1/2"]
[WhiteElo "2470"]
[BlackElo "2475"]

1.d4 d5 2.Nf3 e6 3.g3 Nf6 4.Bg2 Be7 5.c4 O-O 6.O-O dxc4 7.Qc2 a6 8.a4 Bd7
9.Nbd2 Bc6 10.a5 b5 11.axb6 cxb6 12.Nxc4 Ra7 13.Bf4 Be4 14.Qb3 Nc6 15.Nce5 Nb4
16.Rfc1 Bd5 17.Qd1 Qa8 18.Ne1 Rd8 19.Nc4 Bxg2 20.Nxg2 b5 21.Na5 Rad7 22.Nb3 Nc6
23.Be3 e5 24.Qc2 Nxd4 25.Bxd4 exd4 26.Nf4 Nd5 27.Nxd5 Rxd5 28.Qe4 Bf6 29.Qd3 Qb7
30.Nc5 Qc8 31.Nxa6 Qh3 32.Rc5 Qh5 33.Qxb5 Be7 34.Rxd5 Rxd5 35.Qe8+ Bf8 36.Nc7 Re5
37.Qd8 Rxe2 38.Qxd4 Qf3 39.Nd5 h6 40.Rf1 Bd6 41.b4 Be5 42.Qc5 Kh7 43.Ne7  1/2-1/2

[Event "Budva zt"]
[Site "Budva"]
[Date "1981.??.??"]
[Round "4"]
[White "Santos, Jose P"]
[Black "Afifi, Assem"]
[Result "1-0"]
[WhiteElo "2315"]
[BlackElo "2220"]

1.d4 Nf6 2.c4 e6 3.g3 d5 4.Bg2 Be7 5.Nf3 O-O 6.O-O Nbd7 7.Qc2 c6 8.b3 Ne4
9.Nbd2 f5 10.Bb2 Qe8 11.Ne1 Qh5 12.Ndf3 g5 13.Nd3 Rf6 14.Rfd1 Rh6 15.h3 Ndf6
16.Bc1 Bd7 17.h4 Ng4 18.hxg5 Bxg5 19.Bxg5 Nxg5 20.Nxg5 Qxg5 21.Qd2 Qxd2 22.Rxd2 Kf7
23.f3 Nf6 24.Kf2 Rg8 25.Nf4 Ke7 26.Rc2 Rg5 27.Rh1 Rxh1 28.Bxh1 Be8 29.cxd5 exd5
30.b4 Kd6 31.Bg2 Rg7 32.Rc1 b6 33.Rh1 h5 34.Bh3 Bd7 35.Nd3 Be6 36.Rc1 Bd7
37.Ne5 f4 38.Bxd7 fxg3+ 39.Kg2 c5 40.bxc5+ bxc5 41.Rxc5 Nxd7 42.Rc6+ Ke7
43.Rc7 Ke6 44.Rxd7 Rxd7 45.Nxd7 h4 46.Nc5+ Kf5 47.e3  1-0

[Event "Budva zt"]
[Site "Budva"]
[Date "1981.??.??"]
[Round "9"]
[White "Rajkovic, Dusan"]
[Black "Avgousti, Petrakis"]
[Result "1-0"]
[WhiteElo "2470"]
[BlackElo "2200"]

1.d4 Nf6 2.c4 e6 3.Nf3 d5 4.g3 Be7 5.Bg2 O-O 6.O-O b6 7.cxd5 exd5 8.Nc3 Bb7
9.Ne5 a6 10.Qb3 c6 11.Bf4 h6 12.Rad1 b5 13.Rfe1 Nbd7 14.Bh3 Nb6 15.Qc2 g5
16.Bc1 Qc7 17.f4 Ne8 18.Rf1 c5 19.Be3 Bc8 20.Bxc8 Rxc8 21.Qf5 Rd8 22.fxg5 Ng7
23.Qh3 hxg5 24.Ng4  1-0

[Event "Politiken Cup"]
[Site "Copenhagen"]
[Date "1981.??.??"]
[Round "10"]
[White "Petursson, Margeir"]
[Black "Sorensen, Bent"]
[Result "1-0"]
[WhiteElo "2445"]
[BlackElo "2285"]

1.d4 d5 2.Nf3 Nf6 3.c4 e6 4.g3 Be7 5.Bg2 O-O 6.Nbd2 c6 7.O-O Nbd7 8.Qc2 b5
9.c5 Qc7 10.Re1 e5 11.e4 exd4 12.exd5 Nxd5 13.Nxd4 Bxc5 14.N2b3 Qb6 15.Nxc5 Nxc5
16.Nxc6 Qxc6 17.Be3 Be6 18.Qxc5 Qxc5 19.Bxc5 Rfd8 20.Rad1 Rd7 21.f4 g6 22.Rd2 Rc8
23.b4 a6 24.a3 Nf6 25.Rxd7 Nxd7 26.Bd4 Rc7 27.Kf2 Kf8 28.Bf3 Ke7 29.g4 Kd6
30.Rd1 Rc2+ 31.Ke3 Rxh2 32.Bc5+ Kc7 33.Bd6+ Kb6 34.f5 Ra2 35.fxe6 Rxa3+ 36.Rd3 Rxd3+
37.Kxd3 fxe6 38.g5 a5 39.Kc3 axb4+ 40.Kxb4 e5 41.Bd5 Ka6 42.Be6 Nb6 43.Bxe5  1-0

[Event "Czestochowa"]
[Site "Czestochowa"]
[Date "1981.??.??"]
[Round "3"]
[White "Sygulski, Artur"]
[Black "Gizynski, Tomasz"]
[Result "1-0"]
[WhiteElo "2200"]
[BlackElo "2235"]

1.d4 Nf6 2.c4 e6 3.g3 d5 4.Bg2 Be7 5.Nf3 O-O 6.O-O dxc4 7.Ne5 Nc6 8.Nxc6 bxc6
9.Na3 Rb8 10.Nxc4 c5 11.Na5 Bd7 12.Nb7 Rxb7 13.Bxb7 c6 14.Ba6 Qb6 15.Bc4 cxd4
16.Bg5 c5 17.Qd2 h6 18.Bxf6 Bxf6 19.Rac1 Bg5 20.f4 Be7 21.b3 Bc6 22.h4 Bb7
23.Kh2 Qc6 24.Rf2 Bd6 25.Qd3 Qb6 26.e3 Be7 27.e4 Rd8 28.Re1 Qc6 29.e5 g6
30.h5 Kg7 31.Qe2 d3 32.Bxd3 Rd4 33.Bb1 c4 34.bxc4 Bb4 35.Rd1 Rd2 36.Qf1 Qh1+
37.Qxh1 Rxf2+ 38.Kg1 Bc5 39.Qxb7 Rb2+ 40.Kh1 Rxb7 41.hxg6 fxg6 42.Be4 Rc7
43.Kg2 h5 44.Kf3 Bf8 45.Rd8 Be7 46.Ra8 Bc5 47.Bd3 Rd7 48.Ke2 Bb6 49.Rc8 Rc7
50.Rxc7+ Bxc7 51.c5 g5 52.fxg5 Bxe5 53.Kf3 Bc7  1-0

[Event "Czestochowa"]
[Site "Czestochowa"]
[Date "1981.??.??"]
[Round "3"]
[White "Szymczak, Zbigniew"]
[Black "Kubik, Jan"]
[Result "1/2-1/2"]
[WhiteElo "2395"]
[BlackElo "2290"]

1.d4 Nf6 2.c4 e6 3.g3 d5 4.Nf3 Be7 5.Bg2 O-O 6.O-O dxc4 7.Ne5 Nc6 8.Nxc6 bxc6
9.Na3 Bxa3 10.bxa3 Nd5 11.Qa4 Nb6 12.Qxc6 Rb8 13.Qc5 Qd6 14.Bf4 Qxc5 15.dxc5 Nd5
16.Rfc1 Rb2 17.Bf1 Nxf4 18.gxf4 Ba6 19.e3 Rd8 20.Bxc4 Bxc4 21.Rxc4 Rdd2 22.Rf1 Kf8
23.Ra4 Rdc2 24.Rxa7 Rxc5 25.Kg2 Rcc2 26.Kg3 Rxa2 27.Rb1 Ke7 28.Rbb7 Kf6  1/2-1/2

[Event "DDR-ch 30th"]
[Site "Fuerstenwalde"]
[Date "1981.??.??"]
[Round "4"]
[White "Heinig, Wolfram"]
[Black "Espig, Lutz"]
[Result "1/2-1/2"]
[WhiteElo "2365"]
[BlackElo "2440"]

1.d4 d5 2.c4 e6 3.Nf3 Nf6 4.g3 Be7 5.Bg2 O-O 6.O-O dxc4 7.Qc2 a6 8.Qxc4 b5
9.Qc2 Bb7 10.Bf4 Bd6 11.Nbd2 Nbd7 12.a4 Qb8 13.axb5 axb5 14.Qd3 Bxf4 15.gxf4 c5
16.dxc5 Nxc5 17.Qxb5 Bxf3 18.Qxb8 Raxb8  1/2-1/2